000 00329nam a2200133Ia 4500
008 191201s2004 xx 000 0 und d
100 _aSARGEANT, Howard
245 0 _aWhat You Need to Know about Phrasal Verbs
250 _a1st
260 _aN.Delhi
_bLearners Pub
_c2004
300 _a228
650 _aApplied
942 _2ddc
_cBK
999 _c2003
_d2003